ロード中...

Going from C to C++

書誌詳細
第一著者: Traister, Robert J; Author
フォーマット: Printed Book
出版事項: Bangalore, Prism Books 1994
主題:
LEADER 006340000a22002050004500
020 |a 81-7286-017-X 
082 |a 005.133 C N3 
100 |a Traister, Robert J; Author 
245 |a Going from C to C++ 
260 |a Bangalore, Prism Books 
260 |c 1994 
460 |a xiii,188p 
465 |a Rs. 200.00 
500 |a Includes index 
500 |a Robert J Traister 
650 |a C (Computer program language) 
650 |a C++ (Computer program language) 
942 |c BK 
999 |c 6903  |d 6903 
952 |0 0  |1 0  |4 0  |6 005_133000000000000_C_N3  |7 0  |8 ENG  |9 6696  |a MGUL  |b MGUL  |d 2013-07-16  |e Rs. 200.00  |l 0  |o 005.133 C N3  |p 26542  |r 2013-07-16  |w 2013-07-16  |y BK